Statistics for Indiana Pacers 2010's Starters

Click here to take the quiz!

General Stats

  • This quiz has been taken 188 times
    (130 since last reset)
  • The average score is 11 of 21

Answer Stats

PlayerStarts% Correct
Victor Oladipo2
98%
Paul George5
98%
Myles Turner4
93%
Roy Hibbert6
90%
George Hill4
85%
Solomon Hill1
85%
Danny Granger3
73%
Lance Stephenson2
71%
Darren Collison4
68%
David West4
61%
Thaddeus Young3
57%
Bojan Bogdanović2
55%
Monta Ellis2
39%
Jeff Teague1
39%
C.J. Miles1
24%
Ian Mahinmi1
22%
Mike Dunleavy1
12%
Earl Watson1
11%
Brandon Rush1
8%
Troy Murphy1
8%
Josh McRoberts1
7%

Score Distribution

Percentile by Number Answered

Percent of People with Each Score

Your Score History

You have not taken this quiz since the last reset